000 00329nam a22001337a 4500
008 180216b xxu||||| |||| 00| 0 eng d
020 _a9781401835088
041 _aeng
080 _a61
100 _a4
101 _aSHM
245 _aMy pocket mentor: a health care professionals guide to success
_cGaviola,S
942 _2udc
_cBK
999 _c42832
_d42832